000 00579nam a2200205Ia 4500
005 20250326144624.0
008 250326s9999 xx 000 0 und d
020 _a0-415-77180-3
037 _aTextbook
040 _aFMSL
_beng
_cFMSL
041 _aeng
_2eng
084 _aX:89ZB P8
_qFMSL
100 _aSharma S D
245 0 _aAchieving economic development in the era of globalization
_cSharma S D
260 _aLondon
_bLondon, Routledge
_c2008
300 _a199p
365 _b5870.3999999999996
942 _cTB
_hX:89ZB P8
999 _c1304362
_d1304362